La sentencia: valoración y exclusión de pruebas, argumentación (Registro nro. 11014)
[ vista simple ]
| 000 -Cabecera | |
|---|---|
| Campo de control de longitud fija | 01011nam a22003737a 4500 |
| 005 - Fecha y hora de la última transacción | |
| Campo de control | 20250819182317.0 |
| 008 - Elementos de longitud fija--Información general | |
| Campo de control de longitud fija | 180820b2018 xxu||||| |||| 00| 0 spa d |
| 020 ## - International Standard Book Number | |
| Número Internacional Estándar del Libro (ISBN) | 9789930520505 |
| 041 ## - Idioma | |
| Código de idioma | Español |
| 082 ## - Clasificación Decimal Dewey | |
| Número de clasificación | 345.05 P235s |
| 100 ## - Entrada principal--Autor personal | |
| Nombre personal | Parma, Carlos Alberto |
| 9 (RLIN) | 49247 |
| 100 ## - Entrada principal--Autor personal | |
| Nombre personal | Pérez Curci, Juan Ignacio |
| 9 (RLIN) | 49255 |
| 245 ## - Título propiamente dicho | |
| Título | La sentencia: valoración y exclusión de pruebas, argumentación |
| 260 ## - Pie de imprenta | |
| Lugar de publicación, distribución, etc. | Costa Rica |
| 260 ## - Pie de imprenta | |
| Nombre del editor, distribuidor, etc. | Editorial Jurídica Continental |
| 260 ## - Pie de imprenta | |
| Fecha de publicación, distribución, etc. | 2018 |
| 300 ## - Descripción física | |
| Extensión | 236 páginas |
| 490 ## - Serie | |
| Título de la Serie | Investigación Criminal |
| 650 ## - Materia general | |
| Temática (materia general) | DERECHO PENAL |
| 650 ## - Materia general | |
| Temática (materia general) | DERECHO A LA JUSTICIA |
| 650 ## - Materia general | |
| Temática (materia general) | PROCESO PENAL |
| 650 ## - Materia general | |
| Temática (materia general) | SENTENCIA PENAL |
| 650 ## - Materia general | |
| Temática (materia general) | INDICIOS |
| 650 ## - Materia general | |
| Temática (materia general) | CUSTODIA |
| 650 ## - Materia general | |
| Temática (materia general) | PROTECCIÓN CONSTITUCIONAL |
| 650 ## - Materia general | |
| Temática (materia general) | JURISPRUDENCIA |
| 650 ## - Materia general | |
| Temática (materia general) | DELITOS |
| 650 ## - Materia general | |
| Temática (materia general) | ALLANAMIENTOS |
| 650 ## - Materia general | |
| Temática (materia general) | PRUEBAS |
| 650 ## - Materia general | |
| Temática (materia general) | DEBIDO PROCESO |
| 650 ## - Materia general | |
| Temática (materia general) | SENTENCIA |
| 650 ## - Materia general | |
| Temática (materia general) | NULIDADES |
| 942 ## - Punto de acceso adicional KOHA | |
| Tipo de ítem KOHA | Libro |
| Fuente del sistema de clasificación o colocación | Dewey Decimal Classification |
| Signatura completa | Código de barras | Programa Académico | Tipo de ítem |
|---|---|---|---|
| 345.05 P235s | 23345 | Investigación Criminal | Libro |